| 000 | 00344nam a2200109Ia 4500 | ||
|---|---|---|---|
| 008 | 220214s9999 xx 000 0 und d | ||
| 100 | _aAdams PF | ||
| 245 | 0 | _aMemorandum on the fluctuations in the price of natural rubber | |
| 260 |
_bMemorandum published by Ministry of Commerce and Industry, Kuala Lumpur _c1958 |
||
| 300 | _a25p | ||
| 942 | _cRE | ||
| 999 |
_c46400 _d46400 |
||